000 02953cam a22006257a 4500
003 CHAP
005 20220329142133.0
008 991011d1998 mx rs o00110 spa d
010 _a79016
011 _a79988
020 _a970-13-2287-8
020 _a970-13-2288-6
020 _a970-13-2289-4
020 _a970-13-2291-6
020 _a970-13-2292-4
020 _a970-13-2293-2
020 _a970-13-2310-6
020 _a970-13-2311-4
020 _a970-13-2362-9
020 _a970-13-2363-7
020 _a970132286X
035 _a90425
040 _cCHAP
082 0 4 _a338.972
_bI59 1998 Ags.
110 2 _aInstituto Nacional de Estadística, Geografía e Informática. México
_959304
245 1 0 _aCuaderno estadístico municipal :
_bAguascalientes
_c/por Instituto Nacional de Estadística, Geografía e Informática
260 _aAguascalientes, Ags. :
_bInstituto Nacional de Estadística, Geografía e Informática,
_c1999.
300 _av.
500 _aLa biblioteca tiene :v.1 Aguascalientes.--v.2 Asientos.--v.3 Calvillo.--v.4 Cosío.--v.5 El Llano.--v.6 Jesús María.--v.7 Pabellón de Arteaga.--v.8 Rincón de Romos.-- v.9 San Francisco de los Romos.--v.10 San José de Gracia.--v.11 Tepezalá
590 _aBATCH-UPD
_b10
_c20130110
_lUCH01
_h1450
590 _aBATCH-UPD
_b10
_c20130410
_lUCH01
_h0917
590 _aBATCH-UPD
_b10
_c20130914
_lUCH01
_h0340
590 _aBATCH-UPD
_b10
_c20130914
_lUCH01
_h2119
590 _aCONVERSION
_b10
_c20130109
_lUCH01
_h1344
650 1 4 _aAgricultura
_xEstadisticas
_zAguascalientes.
_91444
650 1 4 _aAguascalientes
_xCondiciones economicas.
_92594
650 1 4 _aAguascalientes
_xCondiciones sociales.
_92596
650 1 4 _aAguascalientes
_xEstadísticas.
_92600
650 1 4 _aGanadería
_xEstadísticas
_zAguascalientes.
_944703
650 1 4 _aMéxico
_xMunicipios.
_976781
901 _aBK
905 _aLilia Sánchez G.
942 _cLIBRO
949 _a338.972 I59 1998 Ags.
_bBC
_cINEGI
_d33724000737623
_eINEGI
_fv.6
_h96546
_i90425
_sb
949 _a338.972 I59 1998 Ags.
_bBC
_cINEGI
_d33724000737748
_eINEGI
_fv.5
_h96545
_i90425
_sb
949 _a338.972 I59 1998 Ags.
_bBC
_cINEGI
_d33724000737755
_eINEGI
_fv.11
_h96551
_i90425
_sb
949 _a338.972 I59 1998 Ags.
_bBC
_cINEGI
_d33724000737862
_eINEGI
_fv.4
_h96544
_i90425
_sb
949 _a338.972 I59 1998 Ags.
_bBC
_cINEGI
_d33724000737870
_eINEGI
_fv.10
_h96550
_i90425
_sb
949 _a338.972 I59 1998 Ags.
_bBC
_cINEGI
_d33724000737987
_eINEGI
_fv.3
_h96541
_i90425
_sb
949 _a338.972 I59 1998 Ags.
_bBC
_cINEGI
_d33724000737995
_eINEGI
_fv.9
_h96549
_i90425
_sb
949 _a338.972 I59 1998 Ags.
_bBC
_cINEGI
_d33724000738100
_eINEGI
_fv.2
_h96542
_i90425
_sb
949 _a338.972 I59 1998 Ags.
_bBC
_cINEGI
_d33724000738118
_eINEGI
_fv.8
_h96548
_i90425
_sb
949 _a338.972 I59 1998 Ags.
_bBC
_cINEGI
_d33724000738225
_eINEGI
_fv.1
_h96541
_i90425
_sb
949 _a338.972 I59 1998 Ags.
_bBC
_cINEGI
_d33724000738233
_eINEGI
_fv.7
_h96547
_i90425
_sb
999 _c79016
_d79016